| 000 | 00405nam a22001457a 4500 | ||
|---|---|---|---|
| 005 | 20250618132524.0 | ||
| 008 | 250618b |||||||| |||| 00| 0 eng d | ||
| 020 | _a9781844740802 | ||
| 050 |
_aBR127 _b.G54 GLA |
||
| 100 | _aGLASER IDA | ||
| 245 |
_aTHE BIBLE AND OTHER FAITHS; _bWHAT DOES THE LORD REQUIRE OF US? |
||
| 260 |
_aLEICESTER _bINTER-VARSITY PRESS _cc2005 |
||
| 300 | _a253p | ||
| 942 |
_2lcc _cBK _n0 |
||
| 999 |
_c6562 _d6562 |
||